[Event "University of Twente YM"]
[Site "Enschede NED"]
[Date "2009.08.08"]
[Round "9"]
[White "Schut,L"]
[Black "Van Oosterom,C"]
[Result "1/2-1/2"]
[WhiteElo "2212"]
[BlackElo "2402"]

1.e4 c5 2.Nf3 e6 3.d4 cxd4 4.Nxd4 a6 5.Bd3 Qc7 6.O-O Ne7 7.c4 Nbc6 8.Be3 Nxd4
9.Bxd4 Nc6 10.Bc3 Bd6 11.Kh1 O-O 12.Nd2 Be5 13.Rc1 Bxc3 14.Rxc3 e5 15.c5 d6
16.cxd6 Qxd6 17.Nc4 Qd4 18.Ne3 Be6 19.a3 Rfd8 20.Qc2 h6 21.Bc4 Bxc4 22.Rxc4 Qd3
23.h3 Qxc2 24.Rxc2 Rd3 25.Nd5 Rb3 26.Rfc1 Rd8 27.Rd2 Kf8 28.Rc5 Ne7 29.Rc7 Nc6
30.Rc2 g6 31.f3 Rd6 32.Rf2 g5 33.Kh2 Nd4 34.Rc3 Rc6 35.Rxb3 Nxb3 36.Nb4 Rc4
37.h4 Kg7 38.Kh3 Nd4 39.hxg5 hxg5 40.Nd5 Rc1 41.Kg4 f6 42.g3 b5 43.Ne3 Kg6
44.Rd2 a5 45.Nf5 Rc2 46.Rxc2 Nxc2 47.f4 gxf4 48.gxf4 b4 49.axb4 Nxb4 50.fxe5 fxe5
51.Nd6 a4 52.Nc4 Nd3 53.Kf3 Kf6 54.Ke2 Nxb2 55.Na3 Kg5 56.Kd2 Kf4 57.Kc2 Kxe4
58.Kxb2 Kd3 59.Nc2  1/2-1/2

[Event "GMA"]
[Site "Peterhof RUS"]
[Date "2009.08.09"]
[Round "10"]
[White "Khruschiov,A"]
[Black "Guzenko,A"]
[Result "1-0"]
[WhiteElo "2408"]
[BlackElo "2139"]

1.e4 c5 2.Nf3 e6 3.d4 cxd4 4.Nxd4 a6 5.Bd3 Bc5 6.Nb3 Be7 7.O-O d6 8.Qg4 Bf6
9.Kh1 Nd7 10.f4 Ne7 11.a4 Nc6 12.Nc3 b6 13.Bd2 Bb7 14.Rae1 h5 15.Qh3 g5 16.e5 g4
17.Qe3 dxe5 18.f5 Ne7 19.fxe6 fxe6 20.Rxf6 Nxf6 21.Qxe5 Rf8 22.Qxe6 Qd7 23.Bg6+ Kd8
24.Qxb6+ Kc8 25.Bd3 Rf7 26.Bc4 Nfd5 27.Qd4 Bc6 28.Nc5 Qf5 29.N3e4 Kc7 30.Nxa6+ Kd7
31.Nac5+ Kc7 32.Bd3 h4 33.Ng5 Qf2 34.Nxf7 Qxd2 35.Rxe7+ Nxe7 36.Qd6+ Kb6
37.Nd7+  1-0

[Event "GMA"]
[Site "Peterhof RUS"]
[Date "2009.08.11"]
[Round "13"]
[White "Massironi,M"]
[Black "Kaliberda,V"]
[Result "1/2-1/2"]
[WhiteElo "2178"]
[BlackElo "2308"]

1.e4 c5 2.Nf3 e6 3.d4 cxd4 4.Nxd4 a6 5.Bd3 Qc7 6.O-O Nf6 7.Qe2 d6 8.c4 Be7
9.Nc3 Nbd7 10.f4 O-O 11.Kh1 b6 12.Bd2 Bb7 13.Rac1 Rad8 14.Nf3 Qb8 15.Bc2 Qa8  1/2-1/2

[Event "16th Vienna Open"]
[Site "Vienna AUT"]
[Date "2009.08.15"]
[Round "1"]
[White "Wertjanz,Dav"]
[Black "Eisenbeiser,A"]
[Result "0-1"]
[WhiteElo "2071"]
[BlackElo "2390"]

1.e4 c5 2.Nf3 e6 3.d4 cxd4 4.Nxd4 a6 5.Bd3 Nf6 6.O-O Qc7 7.c4 Nc6 8.Nxc6 dxc6
9.Nc3 e5 10.b3 Bc5 11.Bb2 Bd4 12.Qc2 O-O 13.Ne2 Bxb2 14.Qxb2 Rd8 15.Rfd1 Bg4
16.c5 Bxe2 17.Qxe2 Rd4 18.Bc2 Rad8 19.Rxd4 Rxd4 20.Rd1 Qd8 21.Rxd4 Qxd4 22.Qd3 Qa1+
23.Bb1 g6 24.h3 Qb2 25.Qc2 Qd4 26.a3 a5 27.Kh2 Nd7 28.f3 Nxc5 29.Ba2 Ne6
30.b4 axb4 31.Bxe6 fxe6 32.Qb3 Kf7 33.axb4 Qb6 34.Qc4 h5 35.h4 Qf2 36.Kh3 g5
37.hxg5 h4 38.Kh2 Qg3+ 39.Kh1 h3 40.gxh3 Qxh3+ 41.Kg1 Qg3+ 42.Kf1 Qxf3+ 43.Ke1 Qe3+
44.Kf1 Qxg5 45.b5 Qf4+ 46.Ke2 Qh2+ 47.Kf1 cxb5 48.Qc7+ Kg6 49.Qxb7 Qb2 50.Qa8 Kg5
51.Qg8+ Kf4 52.Qxe6 Qc1+ 53.Kf2 Qe3+ 54.Kf1 Qf3+ 55.Kg1 Qg4+  0-1

[Event "16th Vienna Open"]
[Site "Vienna AUT"]
[Date "2009.08.16"]
[Round "2"]
[White "Brod,M"]
[Black "Wukits,R"]
[Result "1/2-1/2"]
[WhiteElo "2172"]
[BlackElo "2355"]

1.e4 c5 2.Nf3 e6 3.d4 cxd4 4.Nxd4 a6 5.Bd3 Bc5 6.Nb3 Be7 7.Be3 d6 8.f4 Nd7
9.c3 b6 10.N1d2 Bb7 11.Qe2 Ngf6 12.O-O-O Qc7 13.Kb1 O-O 14.g4 d5 15.e5 Ne4
16.Nxe4 dxe4 17.Bc2 Rab8 18.Nd2 Nc5 19.Bxc5 bxc5 20.Nxe4 c4 21.g5 Bd5 22.Nf6+ Bxf6
23.gxf6 Qb7 24.Bxh7+ Kxh7 25.Rxd5 Qxd5 26.Qh5+ Kg8 27.Rg1 Rxb2+ 28.Kxb2 Qd2+
29.Ka3 Qxc3+ 30.Ka4 Qc2+ 31.Ka3 Qd3+ 32.Ka4 Qc2+ 33.Ka3 Qc3+ 34.Ka4  1/2-1/2

[Event "ch-FRA National A"]
[Site "Nimes FRA"]
[Date "2009.08.18"]
[Round "8"]
[White "Edouard,R"]
[Black "Vachier Lagrave,M"]
[Result "1/2-1/2"]
[WhiteElo "2597"]
[BlackElo "2703"]

1.e4 c5 2.Nf3 e6 3.d4 cxd4 4.Nxd4 a6 5.Bd3 Bc5 6.Nb3 Be7 7.Qg4 g6 8.Qe2 d6
9.O-O Nd7 10.Na3 Ne5 11.Nc4 Nxc4 12.Bxc4 Qc7 13.Bd3 e5 14.h3 Be6 15.c4 Rc8
16.Be3 Nf6 17.Rac1 O-O 18.Nd2 Nh5 19.Rfd1 Nf4 20.Bxf4 exf4 21.Nf3 Qa5 22.b3 Qh5
23.Nd4 Qe5 24.Nf3 Qg7 25.Qd2 Qf6 26.Be2 Rfd8 27.Ne1 Bf8 28.Qc3 Qxc3 29.Rxc3 b5
30.Rc2 bxc4 31.Bxc4 Bxc4 32.bxc4 Rb8  1/2-1/2

[Event "16th Vienna Open"]
[Site "Vienna AUT"]
[Date "2009.08.20"]
[Round "6"]
[White "Ootes,La"]
[Black "Moradiabadi,E"]
[Result "0-1"]
[WhiteElo "2261"]
[BlackElo "2542"]

1.e4 c5 2.Nf3 e6 3.d4 cxd4 4.Nxd4 a6 5.Bd3 Bc5 6.Nb3 Be7 7.Qg4 Bf6 8.Qg3 Nc6
9.O-O Nge7 10.f4 d6 11.Nc3 Ng6 12.Be3 Qc7 13.a4 b6 14.Rfd1 O-O 15.Rd2 Na5
16.Rad1 Rb8 17.Qf2 Rd8 18.Qe2 Bb7 19.Qf2 Ba8 20.Bxa6 Bxc3 21.bxc3 Bxe4 22.Nxa5 bxa5
23.Bb5 d5 24.c4 dxc4 25.Rxd8+ Rxd8 26.Rxd8+ Qxd8 27.Qd2 Qc7 28.g3 Ne7 29.Bxc4 Nd5
30.Bxd5 exd5 31.Bd4 f6 32.Qc3 Qd7 33.Qxa5 Qg4 34.Qd2 Qf3 35.a5 Qh1+ 36.Kf2 Qxh2+
37.Ke1 Qxg3+ 38.Kd1 Qh3 39.Kc1 Qf1+ 40.Kb2 Qb5+ 41.Ka3 Qc4 42.Qc3 h5 43.Qxc4 dxc4
44.Kb4 Bxc2 45.a6 Kh7 46.a7 Be4 47.f5 h4 48.Be3 h3 49.Bf4 g5 50.Bg3 Kh6 51.Kxc4 Kh5
52.Kd4 Ba8 53.Ke3 Kg4 54.Kf2 Kxf5 55.Kg1 Ke4 56.Bd6 f5 57.Kh2 g4 58.Kg3 f4+
59.Kh2 Kf5 60.Bc7 Bg2  0-1

[Event "16th Vienna Open"]
[Site "Vienna AUT"]
[Date "2009.08.21"]
[Round "7"]
[White "Ootes,La"]
[Black "Van der Weide,K"]
[Result "1-0"]
[WhiteElo "2261"]
[BlackElo "2481"]

1.e4 c5 2.Nf3 e6 3.d4 cxd4 4.Nxd4 a6 5.Bd3 Nf6 6.O-O Qc7 7.Qe2 d6 8.c4 g6
9.Nc3 Bg7 10.Rd1 O-O 11.Nf3 Nbd7 12.Bc2 Ng4 13.Bf4 Nge5 14.Bb3 Nc5 15.Rd2 Re8
16.Rad1 Nxb3 17.axb3 Bf8 18.Nxe5 dxe5 19.Bg5 b6 20.Qe3 Qc6 21.Bf6 b5 22.Bxe5 bxc4
23.bxc4 Qxc4 24.Qg5 Bg7 25.Rd8 Bb7 26.Qe7 Qc6 27.Rxa8 Bxa8 28.Rd8 Rxd8 29.Qxd8+ Bf8
30.Qf6  1-0

[Event "5th Geller Mem Open A"]
[Site "Odessa UKR"]
[Date "2009.08.23"]
[Round "4"]
[White "Chudinovskikh,A"]
[Black "Kalinina,O"]
[Result "0-1"]
[WhiteElo "2375"]
[BlackElo "2229"]

1.e4 c5 2.Nf3 e6 3.d4 cxd4 4.Nxd4 a6 5.Bd3 Qc7 6.O-O Nf6 7.Qe2 d6 8.c4 g6
9.Nc3 Bg7 10.Be3 Nbd7 11.f4 b6 12.Kh1 O-O 13.Rac1 Bb7 14.b4 Rfe8 15.Nb3 Bf8
16.h3 Qd8 17.a3 Nh5 18.Qf2 Be7 19.Ne2 a5 20.g4 Nhf6 21.Qf3 axb4 22.g5 Nh5
23.axb4 Ra3 24.Rb1 Qa8 25.Kg1 d5 26.exd5 exd5 27.Qg4 Bxb4 28.Bc1 Nc5 29.Bxa3 Qxa3
30.Nec1 Re3 31.Rf3 Rxf3 32.Qxf3 dxc4 33.Qe2 Nxd3 34.Nxd3 cxd3 35.Qxd3 Qa2
36.Qd8+ Bf8 37.Nd2 Qe6 38.Kf2 Nxf4  0-1

[Event "5th Geller Mem Open A"]
[Site "Odessa UKR"]
[Date "2009.08.24"]
[Round "5"]
[White "Kalinina,O"]
[Black "Truskavetsky,A"]
[Result "0-1"]
[WhiteElo "2229"]
[BlackElo "2385"]

1.e4 c5 2.Nf3 e6 3.d4 cxd4 4.Nxd4 a6 5.Bd3 g6 6.O-O Bg7 7.c3 Ne7 8.Nd2 O-O
9.Re1 Nbc6 10.N2f3 d6 11.a4 Qc7 12.Be3 Rd8 13.Qc1 Ne5 14.Bf1 Nc4 15.Bh6 e5
16.Nc2 Be6 17.Bxg7 Kxg7 18.Ng5 Bd7 19.b3 Na5 20.Qb2 f6 21.Nf3 b5 22.axb5 axb5
23.Ne3 Rdc8 24.Rac1 Be6 25.c4 Qb7 26.Nd2 b4 27.Nf3 Qb6 28.g4 h6 29.h4 g5
30.Bd3 Nb7 31.Nf5+ Nxf5 32.exf5 Bf7 33.Be4 Ra3 34.Bxb7 Qxb7 35.Re3 Bxc4 36.Qd2 Rxb3
37.Rxb3 Bxb3 38.Rxc8 Qxc8 39.hxg5 hxg5 40.Qxd6 Qc1+ 41.Kg2 Qf4 42.Nd2 Qxg4+
43.Kh2 Bf7 44.f3 Qd4  0-1

[Event "XI Sants Open"]
[Site "Barcelona ESP"]
[Date "2009.08.26"]
[Round "6"]
[White "Solodovnichenko,Y"]
[Black "Sabria Batlle,P"]
[Result "1-0"]
[WhiteElo "2596"]
[BlackElo "2221"]

1.e4 c5 2.Nf3 e6 3.d4 cxd4 4.Nxd4 a6 5.Bd3 Bc5 6.Nb3 Ba7 7.Qg4 Nf6 8.Qg3 d6
9.Nc3 Nc6 10.Bg5 h6 11.Bd2 Ne5 12.Be2 b5 13.f4 b4 14.fxe5 bxc3 15.Qxc3 dxe5
16.Qxe5 Bb7 17.O-O-O Qb8 18.Qxb8+ Rxb8 19.Bf4 Rc8 20.e5 Nd5 21.Bf3 Rc7 22.Na5 Ba8
23.Bd2 Ke7 24.Rde1 Bc5 25.Kb1 Bb6 26.c4 Nf4 27.Bxa8 Rxa8 28.Bxf4 Bxa5 29.Re4 Rb8
30.Kc2 Rbb7 31.b3 Bb4 32.Re3 Bc5  1-0

[Event "IM"]
[Site "Dieppe FRA"]
[Date "2009.08.26"]
[Round "6"]
[White "Mandon,F"]
[Black "Saatdjian,T"]
[Result "0-1"]
[WhiteElo "2251"]
[BlackElo "2312"]

1.e4 c5 2.Nf3 e6 3.d4 cxd4 4.Nxd4 a6 5.Bd3 Nf6 6.O-O d6 7.Nc3 g6 8.Be3 Bg7
9.f4 O-O 10.Qf3 Nc6 11.Rad1 Qc7 12.Qg3 Nh5 13.Qf2 Nxf4 14.Ndb5 axb5 15.Bxf4 Bd4
16.Be3 Bxe3 17.Qxe3 b4 18.Nb5 Qe7 19.Bc4 Rd8 20.Qf4 Ne5 21.Bb3 Ra5 22.Nd4 Bd7
23.Rf2 Ba4 24.Rfd2 Bxb3 25.axb3 Rda8 26.Nf3 Nxf3+ 27.gxf3 e5 28.Qe3 R8a6
29.Rd5 Ra2 30.Rb1 Qc7 31.Rd2 Ra1 32.Qe1 Rxb1 33.Qxb1 Qc5+ 34.Kg2 Qe3 35.Qd1 Ra1
36.Qxa1 Qxd2+ 37.Kg3 Qxc2 38.Qa4 Qc5 39.Qa8+ Kg7 40.Qxb7 Qg1+ 41.Kh3 Qf2  0-1

[Event "5th Geller Mem Open A"]
[Site "Odessa UKR"]
[Date "2009.08.26"]
[Round "7"]
[White "Ivanenko,O2"]
[Black "Lomakin,V"]
[Result "1-0"]
[WhiteElo "2033"]
[BlackElo "2119"]

1.e4 c5 2.Nf3 e6 3.d4 cxd4 4.Nxd4 a6 5.Bd3 Nf6 6.O-O d6 7.c4 Bd7 8.Nc3 Nc6
9.Be3 Ne5 10.Be2 Rc8 11.b3 b5 12.f4 Ng6 13.Bd3 b4 14.Na4 Be7 15.Kh1 O-O 16.Qe2 Bxa4
17.bxa4 Qd7 18.a5 Rfe8 19.Bd2 Qa7 20.Nb3 Rb8 21.Qe1 Qb7 22.Rb1 Nd7 23.Nc1 Nc5
24.Bc2 Bh4 25.Qe2 Bf6 26.a3 b3 27.Nxb3 Qc7 28.Nxc5 dxc5 29.e5 Be7 30.Bc3 Bf8
31.Qe4 Red8 32.Rxb8 Rxb8 33.f5 exf5 34.Qxf5 Re8 35.Be4 Re7 36.Rd1 Qb8 37.Bc2 Re6
38.Rf1 Qc7 39.Kg1 Re7 40.Rd1 Re6 41.h4 Be7 42.h5 Nf8 43.Rf1 Bd8 44.Be4 Re8
45.h6 g6 46.Qf3 Ne6 47.Bc6 Rf8 48.Bd5 Re8 49.Rb1 Rf8 50.Rb6 Qe7 51.Rxa6 Qg5
52.Rxe6 Qc1+ 53.Kf2 Bh4+ 54.g3 Qc2+ 55.Kg1 Bg5 56.Rb6 Qc1+ 57.Kh2 Be3 58.Bxf7+  1-0

[Event "2nd Bolivar Open"]
[Site "Buenos Aires ARG"]
[Date "2009.09.01"]
[Round "8"]
[White "Pierrot,Fac"]
[Black "Mareco,S"]
[Result "1/2-1/2"]
[WhiteElo "2424"]
[BlackElo "2503"]

1.e4 c5 2.Nf3 e6 3.d4 cxd4 4.Nxd4 a6 5.Bd3 Bc5 6.Nb3 Be7 7.O-O d6 8.c4 Nf6
9.Nc3 O-O 10.Qe2 b6 11.Bf4 Bb7 12.Rfd1 Qc7 13.Rac1 Nbd7 14.Bb1 Rfe8 15.Nd2 Rac8
16.b3 Qb8 17.Nf3 Ng4 18.h3 Nge5 19.Nxe5 Nxe5 20.a4 Bf6 21.Qd2 Be7 22.Bd3 Red8
23.Bf1 Bc6 24.Bg5 f6 25.Be3 a5 26.f4 Nd7 27.f5 Nc5 28.Qc2 d5 29.cxd5 exd5
30.Nxd5 Bxd5 31.Rxd5 Rxd5 32.Bc4 Kh8 33.Bxd5 Bd6 34.Qe2 Re8 35.Qf3 Qd8 36.Bf2 Qe7
37.g3 h6 38.Kg2 Qe5 39.Rd1 Qe7 40.Qh5 Rf8 41.Re1 Nd3 42.Re2 Nxf2 43.Rxf2 Rc8
44.h4 Qe5 45.Qg4 Rc3 46.Rf3 Rxf3 47.Qxf3 Qb2+ 48.Kh3 Qa1 49.Bc4 Be5 50.Qf1 Qxf1+  1/2-1/2

[Event "2nd WTeam w"]
[Site "Ningbo CHN"]
[Date "2009.09.02"]
[Round "1"]
[White "Dworakowska,J"]
[Black "Goletiani,R"]
[Result "1/2-1/2"]
[WhiteElo "2345"]
[BlackElo "2391"]

1.e4 c5 2.Nf3 e6 3.d4 cxd4 4.Nxd4 a6 5.Bd3 Bc5 6.Nb3 Be7 7.Qg4 Bf6 8.Qe2 Nc6
9.O-O Nge7 10.f4 d6 11.c4 a5 12.Na3 a4 13.Nd2 Nd4 14.Qd1 Nec6 15.Kh1 O-O
16.Ndb1 Bd7 17.Nc3 Nb4 18.Be3 Qa5 19.Bb1 Nbc6 20.e5 dxe5 21.Ne4 Be7 22.fxe5 Qxe5
23.c5 Qd5 24.Qd3 f5 25.Nc3 Qxc5 26.Rc1 Qb4 27.Nc4 Bf6 28.a3 Qe7 29.Ba2 Rad8
30.Rd1 Be8 31.Qf1 Bh5 32.Rd2 b5 33.Nb6 Qc7 34.Nbd5 exd5 35.Nxd5 Bf7 36.Qxb5 Ne5
37.Qxa4 Ng4 38.Bg1 Be5 39.Qc2 Bxh2 40.Qxc7 Bxc7 41.b4 Bf4 42.Rd3  1/2-1/2

[Event "TCh-SRB 1st League"]
[Site "Kragujevac SRB"]
[Date "2009.09.03"]
[Round "3"]
[White "Roganovic,Milo"]
[Black "Milanovic,Da"]
[Result "1/2-1/2"]
[WhiteElo "2474"]
[BlackElo "2533"]

1.e4 c5 2.Nf3 e6 3.d4 cxd4 4.Nxd4 a6 5.Bd3 Ne7 6.b3 Nbc6 7.Ne2 d5 8.O-O dxe4
9.Bxe4 Qxd1 10.Rxd1 f5 11.Bf3 e5 12.Bb2 Be6 13.Nbc3 Rd8 14.Na4 Ng6 15.Rxd8+ Kxd8
16.Nb6 Bc5 17.Rd1+ Kc7 18.Nd5+ Kb8 19.Ne3 Nge7 20.g3 Rf8 21.a3 a5 22.Kf1 g5
23.Nd5 Rd8 24.Ndc3 Rxd1+ 25.Nxd1 g4 26.Bg2 b5 27.h3 h5 28.f4 e4 29.hxg4 hxg4
30.Ke1 Kc7 31.Kd2 Nd5 32.Nec3 Nxc3 33.Nxc3 Nd4 34.a4 b4 35.Nd1 Nf3+ 36.Ke2 Bc8
37.Ne3 Ba6+ 38.Kf2 Kd6 39.Bc1 Nd4 40.Bf1 Bc8 41.Ke1  1/2-1/2

[Event "6th LGA Premium Cup"]
[Site "Nuernberg GER"]
[Date "2009.09.03"]
[Round "1"]
[White "Schuetze,N"]
[Black "Junk,P"]
[Result "1-0"]
[WhiteElo "2278"]
[BlackElo "1768"]

1.e4 c5 2.Nf3 e6 3.d4 cxd4 4.Nxd4 a6 5.Bd3 Qc7 6.Qe2 d6 7.O-O Nf6 8.Bd2 Be7
9.Nc3 b5 10.a4 b4 11.Na2 d5 12.exd5 Nxd5 13.Be4 Bb7 14.Qf3 Nd7 15.Nxb4 N7f6
16.Nxd5 Bxd5 17.Bxd5 Nxd5 18.Nf5 Bf6 19.Bb4 Rd8 20.Nd6+ Rxd6 21.Bxd6 Qxd6
22.c4 Nb6 23.Rfd1 Qc7 24.a5 Nc8 25.Qa3 Be7 26.Qa4+ Kf8 27.Rd7 Qc5 28.b4 Qe5
29.Rad1 g6 30.Qc6 Kg7 31.b5 axb5 32.cxb5 Bg5 33.Qc7 Qf6 34.g3 Ne7 35.f4 Bh6
36.Rxe7 g5 37.Rxf7+ Qxf7 38.Rd7 Rf8 39.Rxf7+ Rxf7 40.b6  1-0

[Event "ch-RUS HL"]
[Site "Ulan Ude RUS"]
[Date "2009.09.04"]
[Round "3"]
[White "Yudin,S"]
[Black "Badmatsyrenov,O"]
[Result "1/2-1/2"]
[WhiteElo "2599"]
[BlackElo "2437"]

1.e4 c5 2.Nf3 e6 3.d4 cxd4 4.Nxd4 a6 5.Bd3 Bc5 6.Nb3 Be7 7.a4 d6 8.a5 Nf6
9.Nc3 O-O 10.Be3 Nc6 11.O-O Nb4 12.Na4 Nxd3 13.Qxd3 e5 14.Nb6 Rb8 15.f3 Be6
16.Rfd1 Nh5 17.Nd2 Bg5 18.Ndc4 Bf4 19.Bxf4 Nxf4 20.Qxd6 Qg5 21.g3 Bxc4 22.Nxc4 Rbc8
23.b3 Ne2+ 24.Kg2 Nd4 25.h4 Qh5 26.g4 Qxh4 27.Qxe5 Nxc2 28.Rh1 Qd8 29.Rad1 Qc7
30.Qxc7 Rxc7 31.Kg3 Nb4 32.Rd2 Nc6 33.Rdh2 h6 34.g5 Rd8 35.gxh6 g6 36.Ne3 Ne7
37.Rd1 Rxd1 38.Nxd1 Kh7 39.Ne3 Rc5 40.Ng4 Ng8 41.b4 Rb5 42.Rd2 Rxb4 43.e5 Rb5
44.e6 Nxh6 45.Rh2 fxe6 46.Nxh6 Kg7 47.Ng4 Rxa5 48.Rc2 Rf5 49.Re2 a5 50.Rxe6 Rb5
51.Ne5 a4 52.Kf4 g5+ 53.Kf5 a3 54.Rg6+ Kf8 55.Rf6+ Ke7 56.Re6+ Kd8 57.Rd6+ Kc7
58.Rd7+ Kb6 59.Rd1 Kc5 60.Ke4 a2 61.Ra1 Rb4+ 62.Ke3 Rb3+ 63.Ke4 Rb4+ 64.Kf5 Ra4
65.Nd3+ Kd4 66.Nc1 Ke3 67.Rxa2 Rxa2 68.Nxa2 Kxf3 69.Kxg5  1/2-1/2

[Event "4th Xtracon Skovbo"]
[Site "Borup DEN"]
[Date "2009.09.05"]
[Round "2"]
[White "Sorensen,D"]
[Black "Bonnelykke,O"]
[Result "0-1"]
[WhiteElo "2006"]
[BlackElo "2118"]

1.e4 c5 2.Nf3 e6 3.d4 cxd4 4.Nxd4 a6 5.Bd3 Qc7 6.O-O h5 7.Be3 Nc6 8.Nb3 Nf6
9.f4 b5 10.a4 Ng4 11.Qf3 Na5 12.Kh1 b4 13.N1d2 Bb7 14.Bg1 Be7 15.Nxa5 Qxa5
16.Nc4 Qc7 17.Nb6 Rd8 18.a5 Bc5 19.h3 Bxg1 20.Rxg1 Qc5 21.Rge1 f5 22.Na4 Qd4
23.c3 Qxd3 24.Qxd3 Nf2+ 25.Kg1 Nxd3 26.Re3 fxe4  0-1

[Event "FSIMA September"]
[Site "Budapest HUN"]
[Date "2009.09.05"]
[Round "1"]
[White "Stoenescu,R"]
[Black "Dencsi,T"]
[Result "1/2-1/2"]
[WhiteElo "2175"]
[BlackElo "2338"]

1.e4 c5 2.Nf3 e6 3.d4 cxd4 4.Nxd4 a6 5.Bd3 Qb6 6.Nb3 Qc7 7.O-O d6 8.c4 b6
9.Be3 Bb7 10.Nc3 Nf6 11.Rc1 Be7 12.f3 O-O 13.Be2 Nbd7 14.Qd4 Rfe8 15.Rfd1 Bf8
16.Bf2 Rab8 17.Bg3 Ne5 18.c5 bxc5 19.Nxc5 dxc5 20.Qxe5 Qc6 21.b3 Rbc8  1/2-1/2

[Event "6th LGA Premium Cup"]
[Site "Nuernberg GER"]
[Date "2009.09.05"]
[Round "4"]
[White "Luther,T"]
[Black "Meijers,V"]
[Result "1-0"]
[WhiteElo "2552"]
[BlackElo "2483"]

1.e4 c5 2.Nf3 e6 3.d4 cxd4 4.Nxd4 a6 5.Bd3 Nf6 6.O-O Qc7 7.Qe2 d6 8.c4 Nbd7
9.Nc3 g6 10.Rd1 Bg7 11.Nf3 O-O 12.Bf4 b6 13.Rac1 Bb7 14.Bb1 Ne5 15.Nxe5 dxe5
16.Be3 Rfd8 17.Na4 Rxd1+ 18.Rxd1 Nxe4 19.Bxb6 Nc3 20.Nxc3 Qxb6 21.Be4 Rb8
22.Bxb7 Qxb7 23.b3 Qc7 24.Qd3 Bf8 25.Qd7 Qxd7 26.Rxd7 f5 27.f3 h5 28.Kf1 g5
29.h3 h4 30.Ke2 Rb6 31.Na4 Rc6 32.Rb7 Ba3 33.Nb6 Bd6 34.Nd7 Bc7 35.c5 a5
36.a3 e4 37.fxe4 fxe4 38.b4 axb4 39.axb4 Bf4 40.b5 Rc8 41.Nf6+ Kf8 42.Nxe4 Ra8
43.c6 Ra2+ 44.Kd3 Ra3+ 45.Kc2 Re3 46.c7  1-0

[Event "ch-RUS HL"]
[Site "Ulan Ude RUS"]
[Date "2009.09.05"]
[Round "4"]
[White "Kurnosov,I"]
[Black "Shaposhnikov,E"]
[Result "1-0"]
[WhiteElo "2669"]
[BlackElo "2545"]

1.e4 c5 2.Nf3 e6 3.d4 cxd4 4.Nxd4 a6 5.Bd3 Bc5 6.Nb3 Ba7 7.Qe2 Nc6 8.Be3 d6
9.O-O Nge7 10.f4 O-O 11.Nc3 b5 12.Bxa7 Rxa7 13.Qf2 Rb7 14.Kh1 Nb4 15.Rad1 Nxd3
16.Rxd3 b4 17.Ne2 Qb6 18.c4 Qxf2 19.Rxf2 Rc7 20.Rxd6 Rxc4 21.Ng3 Ng6 22.h3 e5
23.f5 Nf4 24.Rfd2 g6 25.Na5 Rc5 26.Nc6 Bb7 27.Ne7+ Kg7 28.Kh2 Nh5 29.Nxh5+ gxh5
30.f6+ Kh6 31.Kg3 Kg5 32.h4+ Kh6 33.Nf5+ Kg6 34.Ne7+ Kh6 35.Kf3 Rc4 36.Nf5+ Kg6
37.Ne7+ Kh6 38.Re2 Bc8 39.Ke3 Bg4 40.Red2 Rc1 41.Rd8 Re1+ 42.Kf2 Rxd8 43.Rxd8 Rxe4
44.Rg8 Be6 45.Rg7 Rf4+ 46.Ke3 Rxf6 47.Rg5 Rg6 48.Nxg6 hxg6 49.Rxe5 Bxa2 50.Ra5 Be6
51.Kf4 Kg7 52.Rxa6 Bd5 53.Rb6 b3 54.Ke5 Bxg2 55.Rxb3 f6+ 56.Ke6 Be4 57.Rb5  1-0

[Event "TCh-SRB 1st League"]
[Site "Kragujevac SRB"]
[Date "2009.09.06"]
[Round "6"]
[White "Nestorovic,N"]
[Black "Benkovic,P"]
[Result "1/2-1/2"]
[WhiteElo "2412"]
[BlackElo "2463"]

1.e4 c5 2.Nf3 e6 3.d4 cxd4 4.Nxd4 a6 5.Bd3 Nf6 6.O-O Qc7 7.Qe2 d6 8.c4 g6
9.Nc3 Bg7 10.Nf3 Nc6 11.Rd1 O-O 12.Be3 b6 13.Rac1 Nd7 14.Qd2 Nce5 15.Nxe5 Nxe5
16.Be2 Nxc4 17.Bxc4 Qxc4 18.Qxd6 Bb7 19.Qxb6 Bxe4 20.Qc5 Rac8 21.Qxc4 Rxc4
22.Nxe4 Rxe4 23.b3 a5 24.Rc7 a4 25.g3 axb3 26.axb3 Re5 27.Bc5 Ra8 28.Rdd7 Rf5
29.Be3 h5 30.h3 Be5 31.Rc5 Bf6 32.Rxf5 gxf5 33.Rb7 h4 34.g4 Kg7 35.gxf5 exf5
36.Kg2 Ra1 37.b4 Rb1 38.b5 Rb3 39.b6 Be5 40.Bg5 f4 41.f3 Bd4 42.Bxh4 Rxb6
43.Rxb6 Bxb6 44.Kf1  1/2-1/2

[Event "2nd WTeam w"]
[Site "Ningbo CHN"]
[Date "2009.09.06"]
[Round "5"]
[White "Abrahamyan,T"]
[Black "Wang Xiaohui"]
[Result "0-1"]
[WhiteElo "2275"]
[BlackElo "2223"]

1.e4 c5 2.Nf3 e6 3.d4 cxd4 4.Nxd4 a6 5.Bd3 Nf6 6.O-O Qc7 7.Nc3 Bc5 8.Nb3 Be7
9.Be3 b5 10.a3 Bb7 11.f4 d6 12.Qe2 O-O 13.g4 d5 14.e5 Ne4 15.Bd4 Nc5 16.Nxc5 Bxc5
17.Qf2 Nd7 18.Ne2 Bxd4 19.Nxd4 Nc5 20.Rae1 Ne4 21.Bxe4 dxe4 22.c3 Rae8 23.Re3 f6
24.exf6 Rxf6 25.f5 exf5 26.gxf5 Qf7 27.Qg2 Bd5 28.Rf4 Kh8 29.Rg4 Rf8 30.Rh3 e3
31.Rgh4 h6 32.Qg5 Ba8 33.Rxe3 Qb7 34.Qg4 Qh1+ 35.Kf2 Qb1 36.Rh5 Qxb2+ 37.Qe2 Qxa3
38.Qd3 Qd6 39.Ke1 Rd8 40.Qe2 Bd5 41.Rh4 Bc4 42.Qc2 b4 43.cxb4 Qxb4+ 44.Kf2 Bg8
45.Nf3 Qa5 46.Rf4 Bh7 47.Re5 Qb6+ 48.Kg3 Rfd6 49.Rfe4 Qb8 50.Kg2 Rb6 51.Re2 Rb5
52.Qc6 Bxf5 53.Qxa6 Bd3 54.Rd2 Rxe5 55.Nxe5 Qxe5  0-1

[Event "ch-RUS HL"]
[Site "Ulan Ude RUS"]
[Date "2009.09.06"]
[Round "5"]
[White "Kokarev,Dm"]
[Black "Shimanov,A"]
[Result "1/2-1/2"]
[WhiteElo "2630"]
[BlackElo "2508"]

1.e4 c5 2.Nf3 e6 3.d4 cxd4 4.Nxd4 a6 5.Bd3 Nf6 6.O-O Qc7 7.Qe2 d6 8.c4 g6
9.Nc3 Bg7 10.Nf3 Nc6 11.Bf4 O-O 12.Rac1 Nd7 13.Rfd1 Nde5 14.Bb1 Re8 15.b3 Qe7
16.Be3 Bd7 17.Ne1 f5 18.Qd2 Qh4 19.h3 Nf7 20.f4 e5 21.Nf3 Qd8 22.exf5 gxf5
23.fxe5 Nfxe5 24.Nxe5 Bxe5 25.Nd5 Rf8 26.Bg5 Qe8 27.Bf4 Rd8 28.Rf1 Kh8 29.Bh6 Rf7
30.Bg5 Rb8 31.Rce1 Qf8 32.Bh6 Qg8 33.Qg5 Qg6 34.Qxg6 hxg6 35.Nb6 Be6 36.Bf4 Kg7
37.g3 Kf6 38.h4 Bd4+ 39.Kg2 Ne5 40.Rd1 Bc5 41.Na4 Bb4 42.c5 Rff8 43.Rxd6 Rbe8
44.Rb6 Ba5 45.Bg5+ Kg7 46.Rxb7+ Kg8 47.Ra7 Bd5+ 48.Kh3 Nf3 49.Bd3 Nxg5+ 50.hxg5 Rf7
51.Rxf7 Kxf7 52.Rf4 Re1 53.Bf1 Bc7 54.Rd4 Be4 55.Bg2 Be5 56.Rd7+ Ke8 57.c6 Re3
58.Bxe4 Rxg3+ 59.Kh4 Rg4+ 60.Kh3 Rg3+ 61.Kh4 Rg4+  1/2-1/2

[Event "FSIMA September"]
[Site "Budapest HUN"]
[Date "2009.09.08"]
[Round "4"]
[White "Lorand,N"]
[Black "Gruenhagen,M"]
[Result "1-0"]
[WhiteElo "2339"]
[BlackElo "2113"]

1.e4 c5 2.Nf3 e6 3.d4 cxd4 4.Nxd4 a6 5.Bd3 Bc5 6.Nb3 Ba7 7.Qg4 Nf6 8.Qg3 d6
9.Nc3 Nc6 10.Bg5 Ne5 11.f4 Nxd3+ 12.Qxd3 Qb6 13.O-O-O Bd7 14.Kb1 Ng4 15.Bh4 Rc8
16.Qg3 h5 17.h3 g5 18.hxg4 gxh4 19.Rxh4 Qf2 20.Qxf2 Bxf2 21.Rxh5 Rg8 22.g5 Ke7
23.Rf1 Ba7 24.Rh7 Rh8 25.Rfh1 Rxh7 26.Rxh7 Rg8 27.Nc1 Be3 28.N1e2 Bc6 29.Rh3 Bc5
30.a3 b5 31.b4 Bf2 32.Kc1 Bb6 33.Kd2 Ra8 34.Kd3 a5 35.Rh7 axb4 36.axb4 Rg8
37.g3 Bf2 38.Rh2 Bb6 39.Nd4 Bxd4 40.Kxd4 Rc8 41.Rh1 Bd7 42.Kd3 Rc4 43.Rh7 Ke8
44.f5 exf5 45.Nd5 fxe4+ 46.Ke3 Bf5 47.Rh8+ Kd7 48.Nb6+ Kc6 49.Nxc4 bxc4 50.c3 d5
51.Rh6+ Kd7 52.Kd4 Be6 53.g6 fxg6 54.Rxg6 Bh3 55.b5  1-0

[Event "2nd WTeam w"]
[Site "Ningbo CHN"]
[Date "2009.09.09"]
[Round "7"]
[White "Gaponenko,I"]
[Black "Goletiani,R"]
[Result "0-1"]
[WhiteElo "2438"]
[BlackElo "2391"]

1.e4 c5 2.Nf3 e6 3.d4 cxd4 4.Nxd4 a6 5.Bd3 Bc5 6.Nb3 Be7 7.Qg4 g6 8.Qe2 d6
9.O-O Nd7 10.Na3 Ne5 11.Nc4 Nxc4 12.Bxc4 Qc7 13.Bd3 e5 14.f4 Nf6 15.fxe5 dxe5
16.Bh6 Ng4 17.Bd2 Be6 18.Rf3 Nf6 19.Qf1 Nh5 20.Be2 Qxc2 21.Rc3 Qxb2 22.Rc7 Nf4
23.Bc4 Bd6 24.Rxb7 Bxc4 25.Qxc4 O-O 26.g3 Nh3+ 27.Kg2 Ng5 28.h4 Ne6 29.Kh3 Rab8
30.Rxb8 Rxb8 31.Bc3 Qc2 32.Nd2 Rb5 33.Qc8+ Bf8 34.Rf1 Rc5 35.Qe8 Nf4+ 36.Rxf4 exf4
37.Bd4 Qd3 38.Bf2 Rc2  0-1

[Event "TCh-SRB 1st League"]
[Site "Kragujevac SRB"]
[Date "2009.09.10"]
[Round "9"]
[White "Leskur,D"]
[Black "Barlov,D"]
[Result "1/2-1/2"]
[WhiteElo "2428"]
[BlackElo "2471"]

1.e4 c5 2.Nf3 e6 3.d4 cxd4 4.Nxd4 a6 5.Bd3 Nf6 6.O-O Qc7 7.c4 Be7 8.Nc3 O-O
9.Qe2 d6 10.Be3 Nc6 11.Rac1 Ne5 12.Nf3 Nxd3 13.Qxd3  1/2-1/2

[Event "2nd WTeam w"]
[Site "Ningbo CHN"]
[Date "2009.09.10"]
[Round "8"]
[White "Aginian,N"]
[Black "Wang Xiaohui"]
[Result "1/2-1/2"]
[WhiteElo "2307"]
[BlackElo "2223"]

1.e4 c5 2.Nf3 e6 3.d4 cxd4 4.Nxd4 a6 5.Bd3 Nf6 6.O-O d6 7.c4 g6 8.Nc3 Bg7
9.Nf3 Nc6 10.Bf4 O-O 11.Rc1 Qe7 12.Qd2 Ng4 13.Be2 Rd8 14.h3 Nge5 15.Be3 Nxf3+
16.Bxf3 Bd7 17.Rfd1 Be8 18.Be2 f5 19.exf5 gxf5 20.Bg5 Bf6 21.Bxf6 Qxf6 22.f4 Rd7
23.Bf3 Rad8 24.Qe3 Bf7 25.Na4 Ne7 26.Nb6 Rc7 27.Rd2 Nc8 28.b3 Nxb6 29.Qxb6 Rcd7
30.Qd4 Qe7 31.Rcd1 e5 32.Qe3 e4 33.Be2 d5 34.cxd5 Rxd5 35.Rxd5 Rxd5 36.Rxd5 Bxd5
37.Qd4 Bf7 38.Kf2 Qh4+ 39.g3 Qxh3 40.Qd8+ Kg7 41.Qg5+ Kf8 42.Qd8+ Kg7  1/2-1/2